Daňová disciplína subjektov a jej vplyv na výber daní

Optimálny daňový systém verzus daňová optimalizácia. Daňové úniky a daňové kontroly. Výber rizík daňových únikov a možné spôsoby ich eliminácie.

Salvato in:
Dettagli Bibliografici
Autore principale: Schultzová, Anna
Natura: Capitolo di libro
Lingua:slovacco
Soggetti:
Tags: Aggiungi Tag
Nessun Tag, puoi essere il primo ad aggiungerne!!

MARC

LEADER 00000naa a2200000 4500
001 0193693
005 20240502073237.4
041 0 |a slo 
044 |a SK 
245 1 0 |a Daňová disciplína subjektov a jej vplyv na výber daní  |c Anna Schultzová 
520 |a Optimálny daňový systém verzus daňová optimalizácia. Daňové úniky a daňové kontroly. Výber rizík daňových únikov a možné spôsoby ich eliminácie. 
610 2 0 |a disciplína finančná 
610 2 0 |a únik daňový 
610 2 0 |a kontrola daňová 
610 2 0 |a disciplína finančná 
610 2 0 |a financie verejné 
610 2 0 |a optimalizácia daňová 
100 1 |a Schultzová, Anna